Probability: theory and examples

Guardat en:
Dades bibliogràfiques
Autor principal: Durrett, Rick (Autor)
Format: Llibre
Idioma:anglès
Publicat: Cambridge Cambridge University Press 2010
Edició:4a. ed
Col·lecció:Cambridge Series in Statistical and Probabilistic Mathematics
Matèries:
Etiquetes: Afegir etiqueta
Sense etiquetes, Sigues el primer a etiquetar aquest registre!

MARC

LEADER 00000cam a2200000 a 4500
001 UCD3200
003 CL-VaPUC
008 160526e20100000us |||||||||||||||||eng|d
020 |a 9780521765398 
082 0 4 |a 519.2  |b DUR  |2 21 
100 0 |a Durrett, Rick  |e author  |9 586557 
245 1 0 |a Probability: theory and examples 
250 |a 4a. ed 
300 |a 428 p 
942 |c BK 
945 |d 20160526 21:26:00  |a arojas 
260 |a Cambridge  |b Cambridge University Press  |c 2010 
650 0 |a Probabilidad  |9 349606 
650 0 |a Teoría de las probabilidades   |9 263762 
650 7 |a SERIES DE MARKOV  |2 CL-VaPUC  |9 424823 
650 7 |a PROCESOS ESTACIONARIOS  |2 CL-VaPUC  |9 424752 
650 0 |a Procesos estocásticos   |9 260364 
650 7 |a MOVIMIENTO BROWNIANO  |2 CL-VaPUC  |9 270488 
583 |a last modification  |c 20160526 21:26:00  |k Rodrigo Vera 
490 0 |a Cambridge Series in Statistical and Probabilistic Mathematics 
999 |c 364237  |d 364235 
952 |0 0  |1 0  |3 erd  |4 0  |6 519_200000000000000_DUR_2010  |7 0  |8 A  |9 477216  |a BIBMAT  |b BIBMAT  |i 528807K  |l 3  |m 2  |o 519.2 DUR 2010  |p 528807K  |r 2025-04-28  |s 2025-03-24  |w 2019-11-24  |y BK  |z Catalogado en:20160526  |k MAT